Normal view
MARC view
- هولت ، جون / نظمى لوقا ، ترجمة
Entry Personal Name
001 - CONTROL NUMBER
- control field: 15986
003 - CONTROL NUMBER IDENTIFIER
- control field: JO-AjAnu
005 - DATE AND TIME OF LATEST TRANSACTION
- control field: 20230606072841.0
008 - FIXED-LENGTH DATA ELEMENTS
- fixed length control field: 230606|| aca||aabn | a|a d
040 ## - CATALOGING SOURCE
- Original cataloging agency: JO-AjAnu
- Transcribing agency: JO-AjAnu
100 ## - HEADING--PERSONAL NAME
- Personal name: هولت ، جون / نظمى لوقا ، ترجمة
670 ## - SOURCE DATA FOUND
- Source citation: Work cat.: (JO-AjAnu)8207: هولت ، جون / نظمى لوقا ، ترجمة , author, الحرية وما وراءها